000 00449nam a2200157Ia 4500
999 _c19899
_d19899
003 OSt
005 20200702113032.0
008 190216s9999||||xx |||||||||||||| ||und||
040 _coclc
082 _a915.4
_bDUB/H
100 _aDubois, J A
_93446
245 0 _aHindu Manners Customs And Monies /
_cJ A Dubois
260 _bS Chand & Co,
_c1975.
_aNew Delhi:
300 _a740p
942 _cBK
_2ddc
_h915.4
_iDUB/H
_k915.4
_mDUB/H